CLASSICAL ELECTRODYNAMICS (Record no. 15470)

MARC details
000 -LEADER
fixed length control field 00316nam a22001457a 4500
003 - CONTROL NUMBER IDENTIFIER
control field SGT
082 ## - DEWEY DECIMAL CLASSIFICATION NUMBER
Item number C11J
100 ## - MAIN ENTRY--PERSONAL NAME
Personal name JOHN. DAVID JACKSON
245 ## - TITLE STATEMENT
Title CLASSICAL ELECTRODYNAMICS
250 ## - EDITION STATEMENT
Edition statement 3RD
260 ## - PUBLICATION, DISTRIBUTION, ETC. (IMPRINT)
Name of publisher, distributor, etc JOHN. WILEY & SONS
Year of Publication 2011
300 ## - PAGE DESCRIPTION
No. of Pages 808
650 ## - SUBJECT ADDED ENTRY--TOPICAL TERM
Topical term or geographic name as entry element PHYSICAL SCIENCES
942 ## - ADDED ENTRY ELEMENTS (KOHA)
Source of classification or shelving scheme Dewey Decimal Classification
Koha item type Books
Holdings
Withdrawn status Lost status Source of classification or shelving scheme Damaged status Not for loan Home library Current library Shelving location Date acquired Cost, normal purchase price SGTU Bill Number Total Checkouts Full call number Date last seen Bill Date Koha item type
    Dewey Decimal Classification     SGT Science & Social Sciences Library SGT Science & Social Sciences Library Text Book 13/04/2018 869.00 SGTU 8880   C11J 13/04/2018   Books
    Dewey Decimal Classification     SGT Science & Social Sciences Library SGT Science & Social Sciences Library Text Book 13/04/2018 869.00 SGTU 8880   C11J 13/04/2018   Books
    Dewey Decimal Classification     SGT Science & Social Sciences Library SGT Science & Social Sciences Library Text Book 13/04/2018 869.00 SGTU 8880   C11J 13/04/2018   Books
    Dewey Decimal Classification     SGT Science & Social Sciences Library SGT Science & Social Sciences Library Text Book 13/04/2018 869.00 SGTU 8880   C11J 13/04/2018   Books
    Dewey Decimal Classification     SGT Science & Social Sciences Library SGT Science & Social Sciences Library Text Book 13/04/2018 869.00 SGTU 8880   C11J 13/04/2018   Books